|
|
|
|
| LEADER |
00000nam a22000007a 4500 |
| 005 |
20181001133742.0 |
| 007 |
cr|||| |||| |
| 008 |
181001s2018 br |||||s|||| 00||0 por d |
| 020 |
|
|
|a 978-85-7456-355-8
|
| 035 |
|
|
|a 22054
|
| 040 |
|
|
|a vLex
|
| 090 |
|
|
|c 8172
|d 8172
|
| 100 |
1 |
|
|a Araj︢o, Antonio
|
| 245 |
1 |
0 |
|a Informt̀ica Forense
|h [Recurso electrn̤ico] /
|c Antonio Araj︢o, Marcos Monteiro
|n Vol. 2
|
| 256 |
|
|
|a Servicio en ln̕ea
|
| 260 |
|
|
|a San Pablo:
|b LEUD - Livraria e Editora Universitr̀ia de Direito,
|c 2018
|
| 300 |
|
|
|a 1 recurso electrn̤ico
|
| 506 |
1 |
|
|a Disponible solo en los productos indicados
|d vLex Global
|d vLex Global (Academic Edition, excluding Law Schools)
|d vLex Global (U.S. Academic Edition, Law Schools)
|d vLex Global (U.S. Academic Edition, excluding Law Schools)
|d vLex Global (Academic Edition, Law Schools)
|
| 650 |
0 |
4 |
|a Derecho de las Nuevas Tecnologa̕s
|z Brasil
|
| 740 |
0 |
|
|a vLex Libros (Servicio en ln̕ea)
|
| 856 |
4 |
0 |
|u http://vlex.com/source/informatica-forense-vol-2-22054
|z Acceso restringido
|
| 942 |
|
|
|c BOOK
|
| 999 |
0 |
|
|a Right of New Technologies
|